MDQL
is popping MORE tags! Check the
thread
!
Quizzes
Events
Quiz Creation
Community
Videos
Private Events
Remove Ads
Sign In
Join for FREE
Feedback
Dark Mode
Quiz Categories
Sports
Geography
Music
Movies
Television
Just For Fun
Miscellaneous
History
Literature
Language
Science
Gaming
Entertainment
Religion
Holiday
For Kids
Quiz Lab
Recent
Popular Today
Quiz Kudos Today
Editor Picks
Curator Picks
Quizzes by...
Day
Popularity
Type
Ratings
Length
Year
Community
Subscriptions
Recent Discussions
Orange Saloon
Badges
Playlists
Quests
Create
Leaderboards
Showdown
Live 5
Trivia Bingo
Activity
Puzzle Library
Sporcle Events
Private Events
Virtual Trivia
Globe League
Become a Host
Pub Owners
SporcleCon
Opinionation
Our Games
Videos
Blog
Mobile Apps
Partnerships
Remove Ads and Go Orange
Feedback
Music
Pop Music
The Beatles
Song
Album
Lyrics
Bands
Singers
Artist
Clip
Rock
Rap
Classical
Billboard
Country Music
Kpop
Taylor Swift
Music
Pop Music
The Beatles
Song
Album
Lyrics
Bands
Singers
Artist
Clip
Rock
Rap
Classical
Billboard
Country Music
Kpop
Taylor Swift
Random Quiz
Search Sporcle
×
Quiz Lab
Quiz Lab
Music
Lyrics
Type in answers that appear in a list
Type in answers that appear in a list
Classic
Best Score? Go Orange.
'One in a million' Lyrics by Ne-Yo Stats
Can you name the lyrics from this Ne-Yo song?
By
lolmusiclol
10m
278 Questions
175 Plays
175 Plays
175 Plays
Comments
Comments
Give Quiz Kudos
Give Quiz Kudos
-
- Ratings
hide this ad
Replay
Link that replays current quiz
Next Quiz
Link to next quiz in quiz playlist
You Got
0%
They Got
Avg Score
80%
Avg Friend Score
Upgrade to see
Score Distribution
Jump to the score distribution portion of the page
Score
0/278
Timer
10:00
0
Plays Today
% Correct
a
98.3%
a
98.3%
a
98.3%
a
98.3%
a
98.3%
a
98.3%
a
98.3%
a
98.3%
a
98.3%
a
98.3%
you.
97.7%
you
97.7%
you
97.7%
you.
97.7%
you
97.7%
you
97.7%
you
97.7%
you
97.7%
I
97.1%
I
97.1%
be
97.1%
I
97.1%
I
97.1%
I
97.1%
I
97.1%
I
97.1%
I
97.1%
[BRIDGE]
97.1%
[CHORUS] x2
97.1%
Ooh,
97.1%
I
97.1%
be,
97.1%
[CHORUS] x2
97.1%
the
96%
the
96%
the
96%
the
96%
the
96%
the
96%
the
96%
your
95.4%
one
95.4%
your
95.4%
your
95.4%
in
95.4%
one
95.4%
in
95.4%
your
95.4%
one
95.4%
one
95.4%
in
95.4%
ever
95.4%
ever
95.4%
one
95.4%
in
95.4%
one
95.4%
one
95.4%
one
95.4%
one
95.4%
million
93.7%
million,
93.7%
no
93.1%
No,
93.1%
That'.
92.6%
best
92.6%
Best
92.6%
that
92.6%
that
92.6%
that
92.6%
that
92.6%
that
92.6%
that
92.6%
girl.
92%
Girl,
92%
girl,
92%
girl,
92%
baby.
91.4%
Baby,
91.4%
do
91.4%
do
91.4%
do.
91.4%
Baby,
91.4%
do
91.4%
do
91.4%
baby,
91.4%
do
91.4%
baby.
91.4%
baby.
91.4%
Baby,
91.4%
baby.
91.4%
are.
90.9%
had.
90.9%
had
90.9%
% Correct
not
90.9%
There
89.7%
all
89.7%
all
89.7%
All
89.7%
all
89.7%
there
89.7%
there
89.7%
All
89.7%
all
89.7%
me
88.6%
me,
88.6%
me,
88.6%
you're
88%
you're
88%
You're
88%
you're
88%
you're
88%
nothing
87.4%
nothing
87.4%
nothing
87.4%
better.
86.9%
Been
86.9%
Been
86.9%
been
86.9%
so
86.9%
better.
86.9%
better
86.9%
so,
86.9%
to
86.3%
world,
86.3%
to
86.3%
to
86.3%
world.
86.3%
of
85.7%
of
85.7%
of
85.7%
of
85.7%
of
85.7%
I'm
85.1%
I'm
85.1%
but
84.6%
but
84.6%
But
84.6%
but
84.6%
don't
84.6%
don't
84.6%
don't
84.6%
but
84.6%
don't
84.6%
but
84.6%
don't
84.6%
but
84.6%
don't
84.6%
But
84.6%
girls
84%
thing
84%
certain:
84%
girls
84%
girls
84%
certain
84%
ain't
84%
ain't
84%
ain't
84%
thing,
84%
thing
84%
than
83.4%
than
83.4%
like
83.4%
is
83.4%
and
83.4%
than
83.4%
is
83.4%
is
83.4%
is
82.9%
for
82.3%
for
82.3%
for
82.3%
for
82.3%
for
82.3%
Done
80.6%
done
80.6%
little
80.6%
little
80.6%
little
80.6%
could
80.6%
bit
80%
bit
80%
bit
80%
what
80%
what
80%
over
79.4%
see
79.4%
% Correct
everything,
78.9%
'Mr
78.3%
never
77.7%
everyone.
77.7%
know,
76.6%
know,
76.6%
can
76.6%
know
76.6%
can
76.6%
Call
76%
with
76%
with,
76%
love
76%
with
76%
I've
75.4%
I've
75.4%
met
73.1%
it
72.6%
it
72.6%
just
72.6%
this.
72.6%
it
72.6%
it
72.6%
it.
72.6%
Just
72.6%
this
72.6%
working.
71.4%
Top
70.9%
can't
70.9%
There's
70.9%
'bout
70.9%
can't
70.9%
model
70.3%
everyday
70.3%
about
69.7%
about
69.7%
whatever
69.1%
around
69.1%
more
68.6%
regular
67.4%
kind,
66.9%
kind,
66.9%
impress.
66.3%
everywhere,
65.7%
damn
64.6%
much
64%
rest,
64%
give
64%
yourself.
64%
could
63.4%
Other
62.3%
few,
61.7%
hood
61.1%
rat.
61.1%
takes
61.1%
from
59.4%
we
59.4%
only
59.4%
only
59.4%
only
59.4%
seen,
58.9%
Less
57.7%
matter
56.6%
presence,
55.4%
Even
55.4%
win,
54.9%
chick
53.7%
things
53.7%
Jet-setter,
52.6%
think
52%
go-getter,
51.4%
out
51.4%
independent
51.4%
how
50.9%
stand
49.7%
future,
48.6%
though
48%
my
48%
Talking
46.9%
mine.
45.7%
loot.
45.1%
'cause
44.6%
means
44.6%
makes
42.3%
end.
41.1%
soul
38.9%
enough
37.7%
sure
36.6%
she
36.6%
dough
30.9%
glow,
25.1%
Diamond
23.4%
Quiz Playlist
Details
Report
Send in Message
Add To Playlist
Classic:
Type in answers that appear in a list
Last Updated: Feb 16, 2017
Quiz Scoreboard
CHALLENGE
Sign Up to Join the Scoreboard
Show All
Scores
Hide
Comments
May contain spoilers
Recently Published
5x2 Blitz: Bands
by SL_Kpop136
Music
30s
Colored Red Africa Blitz
by spor1
Geography
30s
Find the 'City' Movie
by crazypaving
Movies
60s
More to Explore
Quiz From the Vault
Featured Blog Post
14 Easter Pick-up Lines to Find Eggs With
hide this ad
You Might Also Like...
Tags
Lyrics Quiz
2010
2010s
million
One Million
RNB
scale
Today's Top Quizzes in Music
Browse Music
hide this ad
Today's Top Quizzes in Lyrics
Browse Lyrics
Top Contributed Quizzes in Music
1
5X2 Blitz: Bands II
2
5X2 Blitz: The Beatles
3
Taylor Swift All Songs (2024)
4
5X2 Blitz: Billboard
5
Taylor Swift Logic Puzzle II
6
5X2 Blitz: Billboard II
7
Taylor Swift Logic Puzzle
8
5X2 Blitz: Rock
9
5X2 Blitz: Singers
10
5X2 Blitz: Album
Explore More
Trending Topics
Kpop
Anime
Disney
Harry Potter
Marvel
Crossword
NBA
WWE
The Office
Song
NFL
Soccer
Country
Puzzle
Pokémon
hide this ad
More By:
lolmusiclol
Quiz
Plays
Rating
Category
Featured
Created
'Irreplaceable' Lyrics
21,766
4.50
Music
Jul 29, 2015
'Black magic' Lyrics by Little Mix
7,186
4.93
Music
Jul 5, 2015
'One last time' Lyrics by Ariana Grande
6,799
4.91
Music
Jul 5, 2015
'Treat you better' Lyrics by Shawn Mendes
6,130
4.67
Music
Aug 4, 2016
'Thinking out loud' Lyrics by Ed Sheeran
6,009
4.57
Music
Jan 1, 2015
Go to Creator's Profile
Score Distribution
Quiz Creator Spotlight
lolmusiclol
Follow
Send a Message
Quizzes Created
-
Created Quiz Play Count
-
More By This Creator
Popular Quizzes Today
1
Colored Red Africa Blitz
2
Find the 'City' Movie
3
5x2 Blitz: Bands
4
Find the US States - No Outlines Minefield
5
The Countries of the World
6
Find the US States
7
US States
8
Find the Countries of Europe - No Outlines Minefield
More Music Quizzes
Charli XCX Songs (A-Z)
Quiz Lab
Trending Quizzes
Colored Red Europe Blitz I
Colored Red Europe Blitz II
Colored Red Africa Blitz II
Colored Red Europe Blitz III
Colored Red Africa Blitz III
Recently Updated
How Do You Spell That?
pecheneg
Godzilla Movies
pecheneg
Grab Bag: 4-10 Letters
pecheneg
2024 March Madness Bracket
pecheneg
Famous TV Couples
Peacemaker
Champions League XIs: Real Madrid
pecheneg
Largest US Cities 1790-2010
pecheneg
Rides in Walt Disney World
pecheneg
Most Oscar Losses (Acting)
pecheneg
Beyoncé Albums
pecheneg
Trending Topics
Marvel
Anime
Crossword
NBA
Disney
Kpop
Harry Potter
NFL
Country
Song
Pokémon
Puzzle
The Office
WWE
Soccer
Your Account Isn't Verified!
In order to create a playlist on Sporcle, you need to verify the email address you used during registration. Go to your
Sporcle Settings
to finish the process.
Report this User
Report this user for behavior that violates our
Community Guidelines
.
Details:
Send Report
Go to the Sporcle.com Mobile Site →
Comments